[Event "Josef Kupper Memorial 2019"]
[Site "Zurich"]
[Date "2019.08.15"]
[Round "3.14"]
[White "Vorotnikov, Vladislav V"]
[Black "Habibi, Ali"]
[Result "1/2-1/2"]
[WhiteElo "2417"]
[BlackElo "2186"]
[Annotator "TA"]
[PlyCount "100"]
[EventDate "2019.08.14"]
[EventType "swiss"]
[EventCountry "SUI"]
[SourceTitle "playchess.com"]
[Source "ChessBase"]
[SourceQuality "1"]

{[%evp 21,100,8,31,36,40,23,44,47,69,55,76,66,140,67,188,189,186,184,157,131,131,111,125,113,169,169,179,183,188,103,109,109,101,104,106,103,64,49,103,103,103,103,122,103,154,117,195,191,196,188,127,64,80,53,64,34,49,55,46,8,69,12,88,21,97,94,287,268,212,169,178,178,230,8,8,8,8,8,8,8,8]} 1. e4 c5 2. c4 d6 3. Nc3 e6 4. g3 Nc6 5. Bg2 g6 6. Nge2 Bg7 7. d3 Nge7 8. Be3 Nd4 9. O-O O-O 10. Qd2 Re8 11. Bh6 Bh8 12. Nxd4 {A36: Symmetrical English vs ...g6: 4 Bg2 Bg7} cxd4 (12... Bxd4 13. Kh1 Nc6 14. f4 f5 15. Rae1 a6 16. Bf3 Bd7 17. exf5 gxf5 18. g4 fxg4 19. Bg5 Bf6 20. Bxg4 {1-0 (31) Miezis,N (2564)-Schulz,K (2282) Wunsiedel 2014}) 13. Ne2 Nc6 14. b4 $146 {[%cal Bb2b4,Bb4b5][%mdl 32] White is slightly better.} ({Predecessor:} 14. f4 f5 15. Rfe1 Ne7 16. Bg5 Qb6 17. Kh1 Bd7 18. Ng1 Bc6 19. Bxe7 Rxe7 20. exf5 gxf5 21. Nf3 Bf6 22. Re2 Rae8 23. b4 Bd7 24. a3 Qa6 25. Qc2 b5 26. Ra2 {0-1 (26) Kuehner,C-Schmalhofer,A Idar Oberstein 2000}) 14... Rb8 15. Rac1 b6 16. f4 Bd7 (16... Bb7 $14) 17. g4 (17. b5 $16) 17... f6 (17... Qe7 $14) 18. b5 $18 Ne7 19. f5 e5 20. h4 Bg7 21. Ng3 Rf8 22. Rf2 Kh8 (22... Bxh6 $16 23. Qxh6 Qe8) 23. Bxg7+ $1 Kxg7 24. Rcf1 Ng8 25. fxg6 (25. g5 $18) 25... hxg6 $16 26. g5 {Black must now prevent h5.} Qe7 27. gxf6+ $1 Rxf6 28. Rxf6 Nxf6 29. Qg5 $36 {[%mdl 2048] White is pushing.} Ng8 (29... Rh8 $1 $14) 30. Nh5+ $1 Kh8 31. Qxg6 {White wants to mate with Rf7!} Be8 32. Qf5 Bd7 (32... Rd8 $142) 33. Qg5 Rf8 (33... Qxg5 $16 34. hxg5 Bg4) 34. Qxe7 $18 {[%csl Gh5][%cal Re7g7]} Rxf1+ 35. Bxf1 {[%csl Gh5][%cal Re7g7]} Nxe7 {[%mdl 4096] Endgame KBN-KBN} 36. Kf2 (36. Nf6 $16 Be6 37. Kf2) 36... Ng8 $1 $14 37. Kg3 Kh7 38. Kh2 Bg4 39. Ng3 Nf6 40. Bh3 Kg6 (40... Bxh3 $11 41. Kxh3 Nd7) 41. Kg2 (41. Bxg4 $14 Nxg4+ 42. Kg1) 41... Bd1 (41... Bxh3+ $11 {remains equal.} 42. Kxh3 Nd7) 42. Nf5 ({Better is} 42. Kf2 $1 $16) 42... Be2 (42... Nd7 $1 $11) 43. Nxd6 $16 Nh5 $2 (43... Bxd3 $16 {was called for.} 44. Bf5+ Kh5) 44. Kf2 $18 Bxd3 45. a4 Nf4 {[#]} 46. Bf5+ $1 Kf6 {[#]} (46... Kh5 $142) 47. Nc8 $2 ({White should play} 47. a5 $1 $18 {[%mdl 512]}) 47... Bxc4 $11 {The position is equal.} 48. Nxa7 Nd3+ 49. Kf3 {Hoping for Nc8.} Nc5 50. h5 {Threatens to win with h6.} Kg5 {Accuracy: White = 55%, Black = 32%.} 1/2-1/2

[Event "Josef Kupper Memorial 2019"]
[Site "Zurich"]
[Date "2019.08.15"]
[Round "3.15"]
[White "Mamalis, Prokopios"]
[Black "Gaehwiler, Gabriel"]
[Result "0-1"]
[WhiteElo "1952"]
[BlackElo "2397"]
[Annotator "TA"]
[PlyCount "46"]
[EventDate "2019.08.14"]
[EventType "swiss"]
[EventCountry "SUI"]
[SourceTitle "playchess.com"]
[Source "ChessBase"]
[SourceQuality "1"]

{[%evp 9,46,0,20,0,0,10,87,84,88,76,94,85,86,89,84,72,74,65,64,14,69,30,8,12,0,-25,-33,-25,-33,-16,-39,-345,-358,-543,-543,-538,-537,-598,-590]} 1. e4 c5 2. Nc3 d6 3. d4 cxd4 4. Qxd4 Nc6 5. Qd2 g6 $146 (5... Nf6 6. b3 e6 7. Bb2 d5 8. exd5 exd5 9. O-O-O Be6 10. a3 Bc5 11. Nf3 {½-½ (49) Caruana,F (2819)-Vachier Lagrave,M (2773) Karlsruhe/Baden Baden 2019}) 6. b3 {B23: Closed Sicilian: Lines without g3} Bh6 7. f4 e5 {[#]} (7... f5 $11 {keeps the balance.}) 8. Nb5 $1 $16 {White is better.} Bxf4 9. Qxd6 Qxd6 10. Nxd6+ Kf8 11. Ba3 Nge7 12. c3 Kg7 13. Nf3 f5 14. g3 Be3 (14... fxe4 $11 15. Nxe4 Bf5) 15. Ke2 Bh6 16. Nxc8 (16. Kf2 {feels hotter.} fxe4 17. Nxe4 Bf5 18. Re1 Rad8 19. Bc4) 16... Raxc8 17. Bh3 (17. Rd1 {seems wilder.} Rhe8 18. Bh3 fxe4 19. Nd2 Nd4+ 20. cxd4 Rc2 21. Ke1) 17... fxe4 18. Nd2 Bxd2 $1 19. Bxc8 Bxc3 20. Bxe7 $4 {[%mdl 8192]} (20. Bxb7 $15 Nd4+ 21. Kf2 e3+ {[%mdl 64] Decoy} 22. Kxe3 Nef5+ 23. Ke4) 20... Rxc8 $19 ({Not} 20... Nxe7 21. Bxb7 Bxa1 22. Rxa1 $11) 21. Bg5 (21. Rac1 {was necessary.} Nxe7 22. Rhd1) 21... Bxa1 {Black is clearly winning.} 22. Rxa1 Nd4+ 23. Kf1 {[#]} e3 $1 {Accuracy: White = 43%, Black = 67%.} 0-1

[Event "Josef Kupper Memorial 2019"]
[Site "Zurich"]
[Date "2019.08.15"]
[Round "3.15"]
[White "Mamalis, Prokopios"]
[Black "Gabriel, Irineia G"]
[Result "*"]
[WhiteElo "1952"]
[BlackElo "1667"]
[Annotator "NA"]
[PlyCount "24"]
[EventDate "2019.08.14"]
[EventType "swiss"]
[EventCountry "SUI"]
[SourceTitle "playchess.com"]
[Source "ChessBase"]
[SourceQuality "1"]
[TimeControl "40/5400+30:1800+30"]

1. e4 {[%emt 0:00:45]} c5 {[%emt 0:00:00]} 2. Nc3 {[%emt 0:01:33]} d6 {[%emt 0:00:58]} 3. d4 {[%emt 0:02:05]} cxd4 {[%emt 0:01:06]} 4. Qxd4 {[%emt 0:01:09]} Nc6 {[%emt 0:00:39]} 5. Qd2 {[%emt 0:02:05]} g6 {[%emt 0:01:55]} 6. b3 {[%emt 0:03:19]} Bh6 {[%emt 0:02:18]} 7. f4 {[%emt 0:02:32]} e5 {[%emt 0:00:40]} 8. Nb5 {[%emt 0:02:06]} Bxf4 {[%emt 0:04:46]} 9. Qxd6 {[%emt 0:02:42]} Qxd6 {[%emt 0:16:59]} 10. Nxd6+ {[%emt 0:01:42]} Kf8 {[%emt 0:00:08]} 11. Ba3 {[%emt 0:13:07]} Nge7 {[%emt 0:00:53]} 12. c3 {[%emt 0:12:13]} Kg7 {[%emt 0:06:00]} *

[Event "Josef Kupper Memorial 2019"]
[Site "Zurich"]
[Date "2019.08.15"]
[Round "3.16"]
[White "Zysk, Robert"]
[Black "Rohit S"]
[Result "1-0"]
[WhiteElo "2404"]
[BlackElo "2016"]
[Annotator "TA"]
[PlyCount "138"]
[EventDate "2019.08.14"]
[EventType "swiss"]
[EventCountry "SUI"]
[SourceTitle "playchess.com"]
[Source "ChessBase"]
[SourceQuality "1"]

{[%evp 22,138,47,37,44,43,49,53,59,35,34,27,23,0,0,0,7,7,7,7,7,0,4,0,0,-20,-2,-14,32,32,32,32,32,37,125,63,116,107,93,76,204,216,169,88,85,80,143,138,133,133,123,130,129,100,120,108,122,25,130,141,152,65,65,66,66,81,140,135,134,92,102,8,11,11,11,8,14,14,14,11,39,8,8,8,8,9,83,91,455,444,1018,466,4779,4760,3740,2905,3085,3085,613,0,1241,966,5496,3413,4221,595,29969,29968,29978,29979,29979,29980,29983,29984,29984,29985,29988,29989,29989]} 1. Nf3 c5 2. g3 Nc6 3. c4 g6 4. Bg2 Bg7 5. Nc3 Nf6 6. O-O O-O 7. d4 cxd4 8. Nxd4 Nxd4 9. Qxd4 d6 10. Qd3 Nd7 11. b3 Nc5 12. Qd2 Qa5 {A39: Symmetrical English vs ...g6: 4 Bg2 Bg7 5 Nf3 Nf6 6 0-0 0-0 7 d4} (12... Rb8 13. Bb2 b6 14. b4 Nd7 15. Nd5 Bxb2 16. Qxb2 Bb7 17. Rfd1 e6 18. Ne3 Bxg2 19. Kxg2 Qc7 20. Qd4 {1-0 (48) Melkumyan,H (2632)-Arkell,K (2499) London 2015}) 13. Bb2 Bf5 14. Rfd1 Rfe8 {White is slightly better.} 15. h3 Rac8 16. e4 Bd7 $146 ({Predecessor:} 16... Be6 17. Rab1 a6 18. Ba1 Nd7 19. a4 Qh5 20. Nd5 Bxd5 21. exd5 Bxa1 22. Rxa1 {1-0 (41) Tomov,G (2286)-Petrov,V (1778) Bansko 2010}) 17. Qc2 (17. Rab1 {looks sharper.} Ne6 18. Qd3 Nd4 19. Nd5 e5 20. a4) 17... b5 18. Nxb5 Bxb2 19. Qxb2 {next b4 is good for White.} Bxb5 20. cxb5 Qxb5 21. Rd5 Qb6 22. Qd2 Nd7 23. Rd1 Nf6 24. Ra5 Rc5 (24... Kg7 {with more complications.} 25. Ra4 Rc7 26. h4 Rec8 27. Bh3 e6) 25. Rxc5 Qxc5 26. Rc1 Qe5 27. Rc4 Qe6 (27... Rd8 $14) 28. Qd4 (28. Qa5 $16) 28... a6 (28... Ra8 $14) 29. Qb6 Qe5 30. Qxa6 d5 (30... Qb2 $16) 31. exd5 $1 $18 Qe1+ 32. Kh2 ({White should play} 32. Bf1 $18) 32... Qxf2 $16 33. Rf4 Qe3 ({Black should try} 33... Qb2) 34. Qc4 Rd8 35. Qd4 $36 {[%mdl 2048] White is on the roll.} Nxd5 36. Bxd5 Qxd4 37. Rxd4 {[%mdl 4096] Endgame KRB-KR} e6 38. a4 exd5 {KR-KR} 39. a5 (39. Kg1 $16) 39... Kf8 {[#]} (39... Rb8 $1 $11 {remains equal.}) 40. a6 $1 {Hoping for b4.} Ke7 {[#]} 41. a7 (41. Rb4 $1 $16) 41... Ra8 $14 42. Ra4 Kd6 $1 43. Kg2 f5 (43... Kc6 $142) 44. Kf3 $16 g5 45. Ke3 Kc5 46. Kd3 (46. Ra5+ $16 Kb4 47. Ra1 (47. Rxd5 f4+ 48. gxf4 gxf4+ 49. Kxf4 Rxa7 $14)) 46... f4 47. gxf4 gxf4 48. h4 Kb6 49. Rxf4 {Black must now prevent Rf7.} Rxa7 50. Kd4 Ra3 51. b4 {And now Rf7 would win.} Kc6 52. Rf6+ Kb5 53. Rf7 h6 (53... h5 $1 $11) 54. Rb7+ Kc6 $2 {[%mdl 8192]} (54... Ka4 $16) 55. Rh7 $18 Kb5 (55... Rb3 $142 56. Rxh6+ Kb5 57. Kxd5 Rxb4) 56. Rxh6 Kxb4 (56... Ra1 $142 57. Kxd5 Rd1+ 58. Ke6 Kxb4) 57. Kxd5 Ra5+ 58. Kd4 Ra1 59. Rb6+ Ka5 60. Rh6 $2 (60. Rb8 $18 {Threatening mate with Ra8+.} Rd1+ 61. Ke4) 60... Kb5 $2 {[%mdl 8192]} (60... Kb4 $11 61. Rh8 Rd1+ 62. Ke3 Kc5) 61. h5 Rh1 62. Kd5 Rd1+ 63. Ke6 (63. Ke5 $142 Rh1 64. Rh8) 63... Kc6 {intending ...Rd6+.} 64. Kf7+ {White mates.} Kd7 65. Rf6 Kd8 66. h6 Rd7+ 67. Kg8 Rd1 68. h7 Ke7 69. Rf7+ Ke6 {Accuracy: White = 61%, Black = 39%.} 1-0

[Event "Josef Kupper Memorial 2019"]
[Site "Zurich"]
[Date "2019.08.16"]
[Round "4.1"]
[White "Maghsoodloo, Parham"]
[Black "Vaibhav, Suri"]
[Result "1-0"]
[WhiteElo "2656"]
[BlackElo "2591"]
[Annotator "TA"]
[PlyCount "121"]
[EventDate "2019.08.14"]
[EventType "swiss"]
[EventCountry "SUI"]
[SourceTitle "playchess.com"]
[Source "ChessBase"]
[SourceQuality "1"]

{[%evp 15,121,-6,-15,-9,-17,-7,0,5,22,12,12,19,28,0,13,0,0,0,43,-46,-55,-50,-7,-12,-14,0,4,8,2,12,3,0,0,0,0,0,0,0,0,-25,-22,-21,-21,-41,0,0,34,34,32,35,77,54,102,8,73,24,33,23,104,75,116,27,18,17,65,69,77,57,135,72,83,85,70,40,43,34,35,27,54,56,56,49,53,56,468,445,1736,1508,1289,1702,1395,846,1768,1615,1550,1433,1480,1457,29970,29971,29971,29972,29970,29972,29971,29972,5401,11551]} 1. f4 d5 2. Nf3 g6 3. g3 Bg7 4. Bg2 c5 5. d3 Nc6 6. O-O Nf6 7. c3 O-O 8. Na3 Rb8 9. Ne5 {A03: Bird's Opening with 1...d5} (9. Qe1 b5 10. Nc2 b4 11. Ne5 Nxe5 12. fxe5 Ng4 13. cxb4 cxb4 14. d4 Qb6 15. e3 Bf5 16. Qd1 Rbc8 {½-½ (37) Nakamura,H (2741)-Svidler,P (2722) Moscow 2010}) 9... Nxe5 10. fxe5 Ne8 11. d4 {The position is equal.} cxd4 12. Qxd4 Be6 13. Rd1 Qa5 14. Bg5 f6 15. Be3 $146 ({Predecessor:} 15. exf6 Nxf6 16. Qe5 Bf7 17. Qxe7 {0-1 (57) Tocco,P (2097)-Ruecker,B (2261) Arco 2017}) 15... fxe5 16. Qxa7 Qd8 17. Bxd5 (17. Qc5 $14) 17... Bxd5 $15 18. c4 Nf6 (18... Nd6 {keeps more tension.} 19. cxd5 Qd7 20. Qb6 Qg4 21. Rac1 Ra8) 19. cxd5 Qd7 {aiming for ...Qh3.} 20. Qb6 $1 Nxd5 21. Qb3 $1 e6 22. Bc5 Rfc8 23. Ba7 Ra8 24. e4 {Hoping for Nb5.} Rxa7 25. exd5 Ra6 26. Nb5 Bf8 27. a4 exd5 28. Rxd5 Qe6 29. Rad1 Kh8 30. Kg2 Raa8 31. Nc3 Qc6 32. Qb5 Bg7 33. R1d2 Kg8 34. Qb3 (34. a5 $16) 34... Bh6 (34... Kh8 $11) 35. R2d3 Kh8 36. Qb5 Bg7 (36... Re8 $11 {keeps the balance.}) 37. b3 Qe6 38. Qb4 (38. Ne4 $16) 38... Rf8 $11 39. Ne4 Qf5 {[%csl Gf8][%cal Rf5f1]} 40. Qe1 Rac8 {Threatening ...Rc2+.} 41. Qe2 Bh6 {[#]} (41... Rc2 $14 42. Rd2 Rc1) 42. Rc5 ({Better is} 42. Nc5 $1) 42... Qe6 43. Rxc8 Rxc8 44. Qd1 Bf8 45. Rd8 Rxd8 46. Qxd8 Kg8 47. Qc7 Qd5 48. Qc4 Qxc4 49. bxc4 $14 {[%mdl 4096] Endgame Black must now prevent c5. KB-KN} Be7 $2 {[%mdl 8192] [#]} (49... Kf7 $14) 50. c5 $1 $18 {[%cal Bc4c5,Bc5c6,Bc6c7][%mdl 32]} Kf7 (50... Kf8 $142 51. a5 Bd8) 51. a5 {[%cal Ba4a5,Ba5a6][%mdl 32]} Bd8 52. Nd6+ {[%mdl 64] Double Attack} Ke6 53. Nxb7 Bc7 54. a6 Bb8 55. c6 Ba7 56. Kf3 h5 57. h4 Bb6 58. Ke4 Bf2 59. c7 Kd7 60. a7 Bxa7 {[#]} 61. Nd6 $1 {[%mdl 512] Accuracy: White = 58%, Black = 41%.} 1-0

[Event "Josef Kupper Memorial 2019"]
[Site "Zurich"]
[Date "2019.08.16"]
[Round "4.2"]
[White "Epishin, Vladimir"]
[Black "Kovalenko, Igor"]
[Result "1/2-1/2"]
[WhiteElo "2553"]
[BlackElo "2654"]
[Annotator "RC"]
[PlyCount "118"]
[EventDate "2019.08.14"]
[EventType "swiss"]
[EventCountry "SUI"]
[SourceTitle "playchess.com"]
[Source "ChessBase"]
[SourceQuality "1"]
[TimeControl "40/5400+30:1800+30"]

1. Nf3 {[%emt 0:00:00]} c5 {[%emt 0:04:05]} 2. e3 {[%emt 0:01:19]} g6 {[%emt 0:00:23]} 3. c4 {[%emt 0:01:03]} Bg7 {[%emt 0:00:03]} 4. Nc3 {[%emt 0:01:40]} Nf6 {[%emt 0:00:31]} 5. Qb3 {[%emt 0:02:45]} O-O {[%emt 0:00:23]} 6. Be2 {[%emt 0:00:06]} Nc6 {[%emt 0:00:09]} 7. O-O {[%emt 0:00:21]} Na5 {[%emt 0:24:21]} 8. Qa3 {[%emt 0:05:24]} b6 {[%emt 0:00:14]} 9. d4 {[%emt 0:01:44]} d6 {[%emt 0:00:08]} 10. Rd1 {[%emt 0:01:21]} Bf5 {[%emt 0:04:05]} 11. Bd2 {[%emt 0:06:19]} Nc6 {[%emt 0:03:34]} 12. Rac1 {[%emt 0:01:46]} h6 {[%emt 0:01:40]} 13. Be1 {[%emt 0:03:58]} g5 {[%emt 0:00:46]} 14. h3 {[%emt 0:15:09]} a6 {[%emt 0:08:58]} 15. Nd5 {[%emt 0:01:32]} Be4 {[%emt 0:05:28]} 16. dxc5 {[%emt 0:07:05]} bxc5 {[%emt 0:00:05]} 17. b4 {[%emt 0:00:12]} Bxd5 {[%emt 0:23:10]} 18. cxd5 {[%emt 0:00:15]} Nxb4 {[%emt 0:00:02]} 19. Bxb4 {[%emt 0:00:36]} cxb4 {[%emt 0:00:02]} 20. Qxb4 {[%emt 0:00:21]} Qd7 {[%emt 0:00:12]} 21. Rc4 {[%emt 0:04:37]} Rfb8 {[%emt 0:00:26]} 22. Qa3 {[%emt 0:01:05]} Rb6 {[%emt 0:01:17]} 23. h4 {[%emt 0:13:46]} g4 {[%emt 0:00:31]} 24. Nh2 {[%emt 0:00:10]} h5 {[%emt 0:00:39]} 25. Nf1 {[%emt 0:00:10]} Qf5 {[%emt 0:07:51]} 26. Ng3 {[%emt 0:01:25]} Qe5 {[%emt 0:00:01]} 27. Ra4 {[%emt 0:01:41]} Bh6 {[%emt 0:03:48]} 28. Qd3 {[%emt 0:01:27]} Rc8 {[%emt 0:01:18]} 29. Qf5 {[%emt 0:03:04]} Qxf5 {[%emt 0:00:23]} 30. Nxf5 {[%emt 0:00:03]} Bf8 {[%emt 0:00:02]} 31. Bxa6 {[%emt 0:02:15]} Rcb8 {[%emt 0:00:33]} 32. Be2 {[%emt 0:04:40]} Rb1 {[%emt 0:01:41]} 33. Rad4 {[%emt 0:01:28]} R8b2 {[%emt 0:00:21]} 34. a4 {[%emt 0:10:30]} Rxd1+ {[%emt 0:00:04]} 35. Bxd1 {[%emt 0:00:06]} Nd7 {[%emt 0:05:27]} 36. f3 {[%emt 0:02:52]} e6 {[%emt 0:04:18]} 37. dxe6 {[%emt 0:01:30]} fxe6 {[%emt 0:00:02]} 38. Nxd6 {[%emt 0:00:09]} Bg7 {[%emt 0:00:05]} 39. Nc4 {[%emt 0:01:49]} Bxd4 {[%emt 0:00:04]} 40. Nxb2 {[%emt 0:00:06]} Bxb2 {[%emt 0:00:02]} 41. fxg4 {[%emt 0:30:01]} hxg4 {[%emt 0:30:12]} 42. Bxg4 {[%emt 0:00:03]} Kf7 {[%emt 0:01:14]} 43. a5 {[%emt 0:01:27]} Ba3 {[%emt 0:00:03]} 44. Kf2 {[%emt 0:01:33]} Bc5 {[%emt 0:01:10]} 45. Be2 {[%emt 0:00:45]} Nf6 {[%emt 0:00:36]} 46. Kf3 {[%emt 0:00:13]} Nd5 {[%emt 0:00:24]} 47. e4 {[%emt 0:01:00]} Ne7 {[%emt 0:00:02]} 48. a6 {[%emt 0:02:35]} Nc6 {[%emt 0:02:02]} 49. Bf1 {[%emt 0:00:00]} Ne5+ {[%emt 0:00:00]} 50. Kf4 {[%emt 0:00:00]} Ng6+ {[%emt 0:00:00]} 51. Kg4 {[%emt 0:00:00]} Kf6 {[%emt 0:00:00]} 52. g3 {[%emt 0:00:00]} Be3 {[%emt 0:00:00]} 53. Kh5 {[%emt 0:00:00]} Ne5 {[%emt 0:00:00]} 54. g4 {[%emt 0:00:00]} Kg7 {[%emt 0:00:00]} 55. g5 {[%emt 0:00:00]} Bf2 {[%emt 0:00:00]} 56. Bb5 {[%emt 0:00:00]} Ng6 {[%emt 0:00:00]} 57. Kg4 {[%emt 0:00:00]} Nxh4 {[%emt 0:00:00]} 58. a7 {[%emt 0:00:00]} Bxa7 {[%emt 0:00:00]} 59. Kxh4 {[%emt 0:00:00]} e5 {[%emt 0:00:00]} 1/2-1/2

[Event "Josef Kupper Memorial 2019"]
[Site "Zurich"]
[Date "2019.08.16"]
[Round "4.3"]
[White "Iturrizaga Bonelli, Eduardo"]
[Black "Puranik, Abhimanyu"]
[Result "1/2-1/2"]
[WhiteElo "2635"]
[BlackElo "2550"]
[Annotator "TA"]
[PlyCount "21"]
[EventDate "2019.08.14"]
[EventType "swiss"]
[EventCountry "SUI"]
[SourceTitle "playchess.com"]
[Source "ChessBase"]
[SourceQuality "1"]

{[%evp 10,21,0,4,25,17,12,20,28,10,16,-9,-20,-35]} 1. c4 c5 2. Nc3 Nc6 3. g3 g6 4. Bg2 Bg7 5. e3 d6 6. Nge2 e6 {A36: Symmetrical English vs ...g6: 4 Bg2 Bg7} (6... e5 7. O-O Nge7 8. a3 a5 9. Nd5 O-O 10. Nec3 Nxd5 11. Nxd5 a4 12. d3 Bd7 13. b4 axb3 14. Qxb3 Na5 15. Qb6 e4 16. Bd2 Bxa1 17. Rxa1 Qxb6 18. Nxb6 {1-0 (48) Vachier Lagrave,M (2780)-Salomon,J (2494) chess.com INT 2019}) 7. O-O Nge7 8. d4 O-O 9. h3 $146 ({Predecessor:} 9. d5 Ne5 10. b3 exd5 11. cxd5 b6 12. f4 Ng4 13. h3 Nh6 14. e4 {1-0 (55) Movsesian,S (2672)-Ghaem Maghami,E (2582) Dubai 2014}) 9... Rb8 10. a3 a6 11. dxc5 1/2-1/2

[Event "Josef Kupper Memorial 2019"]
[Site "Zurich"]
[Date "2019.08.16"]
[Round "4.4"]
[White "Tabatabaei, M.amin"]
[Black "Van Foreest, Jorden"]
[Result "1/2-1/2"]
[WhiteElo "2601"]
[BlackElo "2626"]
[Annotator "TA"]
[PlyCount "50"]
[EventDate "2019.08.14"]
[EventType "swiss"]
[EventCountry "SUI"]
[SourceTitle "playchess.com"]
[Source "ChessBase"]
[SourceQuality "1"]

{[%evp 24,50,21,8,8,5,5,5,6,6,10,5,1,1,7,3,0,2,20,0,0,0,1,0,0,0,0,0,0]} 1. d4 Nf6 ({Predecessor:} 1... d5 2. c4 dxc4 3. Nf3 a6 4. e3 Nf6 5. Bxc4 e6 6. O-O c5 7. a4 Nc6 {½-½ (22) Lehnert,R (1806)-Koelemij,S (1982) IECG email 2003}) 2. c4 e6 3. Nf3 d5 4. Nc3 dxc4 5. e3 a6 6. a4 c5 7. Bxc4 Nc6 8. O-O Be7 9. Qe2 cxd4 10. Rd1 e5 11. exd4 exd4 12. Nxd4 Nxd4 13. Qe3 {The position is equal.} O-O {D27: Queen's Gambit Accepted: Classical main line: 7 e4!? and 7 a4} 14. Rxd4 Qc7 15. Qf4 Qxf4 16. Bxf4 Bf5 17. Nd5 $146 (17. h3 Rac8 18. Bb3 Bc5 19. Rdd1 Rfe8 20. Rac1 b6 21. Re1 {½-½ (88) Kveinys,A (2527)-Sulskis,S (2550) Vilnius 2013}) 17... Nxd5 18. Bxd5 Rad8 19. Rad1 Bf6 20. R4d2 $36 {[%mdl 2048] White has the initiative.} Rfe8 21. Bxb7 {[#] aiming for Rxd8.} (21. h3 {with more complications.} b5 22. axb5 axb5 23. g4 Bg6 24. g5) 21... Rxd2 22. Bxd2 Bc2 23. Re1 Rxe1+ 24. Bxe1 Bxa4 25. Bxa6 Bxb2 1/2-1/2

[Event "Josef Kupper Memorial 2019"]
[Site "Zurich"]
[Date "2019.08.16"]
[Round "4.5"]
[White "Gaehwiler, Gabriel"]
[Black "Bluebaum, Matthias"]
[Result "1/2-1/2"]
[WhiteElo "2397"]
[BlackElo "2619"]
[Annotator "TA"]
[PlyCount "144"]
[EventDate "2019.08.14"]
[EventType "swiss"]
[EventCountry "SUI"]
[SourceTitle "playchess.com"]
[Source "ChessBase"]
[SourceQuality "1"]

{[%evp 12,144,16,0,0,7,14,-15,-19,-19,-21,-11,-16,-27,-25,-37,11,-21,-31,-15,-24,-23,-8,-12,-16,-65,0,-59,-91,-91,-43,-150,-71,-145,-132,-158,-164,-152,-150,-170,-180,-176,-177,-165,-164,-204,-211,-200,-179,-189,-172,-172,-170,-172,-76,-82,-6,-6,0,-16,0,0,8,8,371,-70,-45,-81,0,-93,0,0,0,-8,-8,-8,-8,-8,-8,-8,-7,-8,-8,-8,0,0,0,0,0,0,0,0,0,0,0,0,0,0,0,0,0,0,0,0,0,0,0,0,0,0,0,0,0,0,0,0,0,0,0,0,0,0,0,0,0,0,0,0,0,0,0,0,0,0,0]} 1. c4 e6 2. Nc3 d5 3. d4 Bb4 4. Qa4+ Nc6 5. a3 Bxc3+ 6. bxc3 Nf6 7. Nf3 O-O {D38: Queen's Gambit Declined: Ragozin Defence (4 Nf3 Bb4)} 8. e3 Bd7 9. Qd1 $146 ({Predecessor:} 9. Qc2 Na5 10. cxd5 exd5 11. Bd3 Re8 12. O-O c5 13. dxc5 Rc8 14. a4 Rxc5 {1-0 (39) Yu,Y (2751)-Harikrishna,P (2744) Huaian 2017}) 9... Na5 10. Ne5 c5 11. cxd5 exd5 12. Bd3 Be6 13. O-O Nd7 14. e4 Nxe5 15. dxe5 d4 16. cxd4 Qxd4 17. Be3 Qxe5 18. f4 Qc7 (18... Qb2 $15 19. Qe1 (19. Bxc5 Rfd8 $17) 19... b6) 19. f5 (19. Rc1 $1 $11) 19... Bb3 $1 $15 {[%cal Rb3d1]} 20. Qc1 Rfd8 21. Qc3 {[#]} (21. Be2 $15) 21... f6 ({Black should play} 21... Rxd3 $1 {[%mdl 512]} 22. Qxd3 Bc4) 22. Bf4 (22. Be2 $142) 22... Qd7 $17 23. Be2 Qd4+ 24. Qxd4 Rxd4 25. Bf3 Rc8 26. Rac1 b6 27. g4 Nc6 28. g5 Ne5 29. gxf6 Nd3 30. Bg5 Nxc1 31. Rxc1 g6 32. Kf2 gxf5 (32... Kf7 $19 {is more deadly.} 33. fxg6+ hxg6) 33. exf5 {[#]} Bd5 (33... h6 $1 $17 34. Bxh6 Rh4 35. Rg1+ Kf7) 34. Be3 $1 $11 {[%cal Re3d4]} Rd3 35. Bh5 Rxe3 36. Kxe3 {[%mdl 4096] Endgame KRB-KRB} c4 37. Kd4 Rc5 $2 {[%mdl 8192]} (37... Rd8 $11 {and Black has nothing to worry.} 38. Ke5 Kf8) 38. a4 $2 (38. Rg1+ $18 Kf8 39. Rg7) 38... Kf8 $1 $15 39. Rc3 a6 (39... Bf7 $17 40. Bxf7 Kxf7) 40. Be2 (40. Rh3 $11 {remains equal.}) 40... Kf7 ({Better is} 40... Bf7 $17) 41. Rh3 $11 {The position is equal.} c3 42. Bd3 Bb3 {White must now prevent ...c2.} 43. Rxh7+ Kg8 44. Rg7+ Kf8 {...c2 is the strong threat.} 45. Rb7 c2 46. Rb8+ Kf7 47. Rb7+ Ke8 ({Don't play} 47... Kxf6 $6 48. Rxb6+ Kg5 {[#]} 49. h4+ $1 {[%mdl 512]} Kxh4 50. Bxc2 $16) 48. Rb8+ Kd7 {[#]} 49. Bxc2 $1 {[%mdl 512]} Rxc2 (49... Bxc2 50. f7) 50. Rxb6 Bxa4 {KRB-KR} 51. Rb8 Bb3 $1 52. Rxb3 {KR-KR} Ke8 $1 53. h3 Kf7 54. Ke5 {Hoping for Rb7+.} Re2+ 55. Kf4 Rf2+ 56. Kg4 Rg2+ 57. Kf3 Rg1 58. Rb6 Rf1+ 59. Kg4 Rg1+ 60. Kh5 Rf1 61. Rb7+ Kxf6 62. Rb6+ Kf7 63. Kg5 {Strongly threatening Rb7+.} Rg1+ $1 64. Kh6 Rh1 65. h4 Rf1 66. Rb7+ ({Much less strong is} 66. Rxa6 $6 Rxf5 67. Rg6 Rf4 $16) 66... Kf6 67. Rb6+ Kf7 68. Kg5 {Threatens to win with Rb7+.} ({Don't do} 68. Rxa6 $6 Rxf5 69. Ra7+ Kg8 $14) 68... Rg1+ 69. Kh5 Rf1 70. Rxa6 Rxf5+ 71. Kg4 Rf6 72. Rxf6+ Kxf6 {Accuracy: White = 49%, Black = 63%.} 1/2-1/2